000 01051nam a22002057a 4500
999 _c57335
_d57335
003 Ge_BSU
005 20200525135056.0
008 200525s2017ge xxu||||| |||| 00| 0 geo d
020 _a9789941953729
041 _ageo
080 _a34.01+ 316 ვ-26
100 _aვაჩეიშვილი, ალექსანდრე.
_92833
245 _aსამართლის ზოგადი თეორია ; შესავალი სოციოლოგიაში :
_b [სახელმძღვანელო] /
_c ალექსანდრე ვაჩეიშვილი ; რედ. მარინე მარინაშვილი.
264 _aთბილისი :
_bიურისტების სამყარო,
_c, 2017.
300 _a315 გვ. ;
_c20 სმ.
653 _aსამართლის თეორია.
653 _aსოციოლოგია
700 _aმარინაშვილი, მარინე
_eრედაქტორი
_98188
942 _2udc
_cBK